Ligne 1 du métro parisien avec plan - Statistiques

Statistiques générales
  • Ce quiz a été pris 338 fois
  • Le résultat moyen est 19 sur 25
Réponses sur la Carte
Les réponses sont colorées sur une échelle allant du rouge au vert en fonction du pourcentage des utilisateurs qui les ont devinées à leur premier essai. Vous pouvez retrouver ces pourcentages ci-dessous.
 
Statistiques - réponses
Réponse % Correct
La Défense
96%
Châtelet
92%
Nation
89%
Château de Vincennes
86%
Gare de Lyon
86%
Charles de Gaulle - Etoile
85%
Concorde
84%
Louvre - Rivoli
83%
Bastille
82%
Champs-Elysées - Clémenceau
79%
Hôtel de Ville
78%
Palais Royal - Musée du Louvre
76%
Porte de Vincennes
76%
Esplanade de la Défense
74%
Argentine
72%
Tuileries
71%
Franklin D. Roosevelt
69%
George V
69%
Porte Maillot
69%
Saint-Paul
67%
Les Sablons
65%
Saint-Mandé
62%
Pont de Neuilly
61%
Reuilly - Diderot
58%
Bérault
52%
Aucun quiz correspondant
Distribution des résultats
% des personnes avec chaque résultat
Percentile par nombre de réponses
Votre historique - résultats
Vous n’avez pas pris ce quiz